000 00209 a2200097 4500
001 17133
100 _aScott Paul
245 _aThe Mark of the Warrior
260 _a
_bGranda Pub Ltd
_c
090 _c12760
_d12760
942 _aNUST-CAE
_cM
_c3070
999 _c252206
_d252206